000 01003nam a22002897a 4500
001 BR7310320
003 BR-BrBNA
005 20230928084202.0
007 ta
008 230509b bl.||||| |||| 00| 0 por d
040 _aBR-BrBNA
_bpor
_cBiblioteca Nacional de Agricultura
041 _a(Por)
072 _aE30; F00; S00
_b9000
_b/G514
090 _ 9000 BR7310320
110 1 _aAssociacao de Credito e Assistencia Rural do Estado do Para, Belem (Brasil)
_9493
245 1 _aProjeto especial de fomento a producao de alimentos no estado do Para. Projeto para a area de consolidacao, colonias antigas dos municipios de Braganca, Santa Izabel do Para, Capanema, Castanhal e Capitao Poco [Brasil]
260 3 _aBelem, PA (Brasil):
_c1973.
300 _a31 p.
650 _aPROJETO DE DESENVOLVIMENTO
650 _aPRODUCAO VEGETAL
650 _aNUTRICAO HUMANA
650 _aALIMENTO
650 _aPROJETO AGRICOLA
650 _aPARA
909 _a202309
_bLucia
_c55
_dLucia Elande
942 _cBK
999 _c17351
_d17351